01015njm a2200241Ia 450000100060000000300090000600500170001500800410003204000130007304000130008610000110009910000180011010000380012824500300016625000110019626000120020726000570021930000170027630000300029350000340032350503570035765000590071482422IT-RoPAU20220918181114.0131025s9999 xx 000 0 und d aIT-RoPAU cIT-RoPAU aAA.VV. eAutore musica gCodice autore musica SPICS: 12000 aColombia y su musica n. 1 a1a ed. aGERMANY bPHILIPSc1991 [1a Ed.:1991 - Ed. Lingua Orig.: 1991] aCOMPACT DISC c57 minuti (Testo: 0 pag.) aMusica strumentale colombiana aColombia tierra querida - Ay mi llanura - Antioquenita - Los cucaracheros - Mi buenaventura mi peregoyo - Cartagena de indias - Campesina santandereana - Momposina - Soy boyacense - Feria de manizalez - Carmen de Bolivar - El sanjuanero - El 039 - Brisas de pamplonita - Atlantico - La guanena - Soy colombiano - Pachito eche - La ruana - Soy tolimense aSTRUMENTALE [COMPACT DISC]eCodice MATERIA SPICS: 9949